000 00703cam a2200229 a 4500
001 000018780
005 20200929165845.0
008 950530s1991 fr 000 1 fre d
020 _a2877300870
040 _aDO-SdBNP
_bfre
_cLC
_dBNGR
050 0 0 _aPL992.58.C63
_bP37 1991
082 _ann*
_b....*
100 1 _aO, Chong-hui
_940508
240 1 0 _aParan ij nuk ; Ya hwe.
_lFrancés
245 1 2 _aL'ame du vent /
_cOh Jung-Hi ; narrativas traducidas del coreano Lee Byoung-Jou.
260 _aArlés :
_bPhilippe Picquier,
_c1991.
300 _a149 p. ;
_c21 cm.
534 _aTitre original :
_tParan ij nuk ; Ya hwe
740 0 2 _aSoiree.
910 _aCatalogación derivada / LC
049 _aBNGR
999 _c18300
_d18300